Dievčatá s hokejkami a plastovou loptičkou

Bibliographic Details
Format: Article
Language:Slovak
PhysicalDescription:Fotogr.
Subjects:

MARC

LEADER 00000nab a2200000 a 4500
001 vtls010261126
003 SK-MaSNL
005 20260303093104.0
008 171110c2011 xo wr 0 0slo
038 |a SLLK 
040 |a SLLK  |b slo  |c sllk  |e AACR2 
041 |a slo 
044 |a xo  |c SK 
080 |a 796.3  |2 2001 
245 0 0 |a Dievčatá s hokejkami a plastovou loptičkou  |c Text a foto (mv) 
300 |b Fotogr. 
611 1 7 |a Orion floorball cup (Stará Ľubovňa, Slovensko)  |2 sllk  |9 1103793 
648 7 |a 2011  |2 snkbucl  |9 328311 
650 0 7 |a šport  |2 snkbucl  |9 1042 
650 0 7 |a florbal  |x žiaci  |2 sllk  |9 1103794 
651 7 |a Stará Ľubovňa (Slovensko)  |2 snkbucl  |9 19193 
773 0 |t Ľubovnianske noviny  |g Roč. XXXVII, č. 8 (2011), s. 8 
999 |c 1814035  |d 1815965